000 00266nam a2200097Ia 4500
001 1040465
005 20250826232023.0
008 250824s9999 xx 000 0 und d
245 0 _aMETE HAN’IN OĞLU KİOK HAN
_cAHMET HALDUN TERZİOĞLU
260 _bPANAMA YAYINLARI
999 _c1040465
_d1040465